1st Letter Capitals 5 to 1 Quiz Stats

 Plays Quiz Updated Aug 12, 2016

Challenge
Share
Tweet
Embed
Score 0/15 Timer 04:00
3 Plays Today
% Correct
Warsaw
76.1%
Jakarta
75.3%
Quito
75.1%
Washington, DC
74.7%
Helsinki
71.2%
Wellington
67.4%
Hanoi
66.6%
Havana
59.8%
% Correct
Harare
49.8%
Jerusalem
46.9%
Juba
46.4%
Funafuti
43.2%
Freetown
42.2%
Windhoek
36.9%
Honiara
32.8%

You're not logged in!

Compare scores with friends on all Sporcle quizzes.
OR
Log In

You Might Also Like...

Show Comments

Extras

Top Quizzes Today


Score Distribution

Your Account Isn't Verified!

In order to create a playlist on Sporcle, you need to verify the email address you used during registration. Go to your Sporcle Settings to finish the process.

Report this User

Report this user for behavior that violates our Community Guidelines.

Details: